| 000 | 00482nam a22001817a 4500 | ||
|---|---|---|---|
| 005 | 20251108170628.0 | ||
| 008 | 250721s1979 xx 000 0 eng d | ||
| 082 | 1 | 4 | _a401/smi |
| 100 | 1 | _asmith, neil | |
| 245 | 1 | 0 |
_amodern linguistics : _bthe results of chomsky's revolution / |
| 264 | 1 |
_alondon : _bpenguin books ltd, _c1979. |
|
| 300 | _a334p. | ||
| 650 | 1 | 7 | _alanguege |
| 650 | 1 | 7 | _aphilosophy of theories |
| 700 | 1 | _awilson, deidre | |
| 942 |
_2ddc _cBK |
||
| 999 |
_c45200 _d45200 |
||